000 00325nam a2200133Ia 4500
008 190216s9999||||xx |||||||||||||| ||und||
100 _a"Sivaramakrishnan Iyer, Daniel. P.A, John. U.V, Paul. Pi"
245 0 _aPhysics Pre Degree
250 _a1st Ed.
260 _bNull
300 _a695
650 _aPhysics
942 _cBK
999 _c32916
_d32916